[Event "Mogliano Veneto op 42nd"]
[Site "Mogliano Veneto"]
[Date "2021.04.25"]
[Round "4"]
[White "Scandiuzzi, Roberto"]
[Black "Zanon, Dante"]
[Result "1-0"]
[WhiteElo "1227"]
[BlackElo "1440"]
[PlyCount "51"]
[EventDate "2021.04.23"]
[EventType "swiss"]
[EventRounds "5"]
[EventCountry "ITA"]
[SourceTitle "EXT 2023"]
[Source "ChessBase"]
[SourceDate "2022.10.05"]
[SourceVersion "1"]
[SourceVersionDate "2022.10.05"]
[SourceQuality "1"]

1. d4 Nf6 2. c4 g6 3. Nf3 Bg7 4. e3 e6 5. Nc3 d5 6. cxd5 exd5 7. Be2 Bf5 8. 0-0 Nc6 9. Bd3 Ne4 10. Qb3 b6 11. Qxd5 Qxd5 12. Nxd5 0-0 13. Nxc7 Rad8 14. Nb5 Nb4 15. Bb1 Rfe8 16. a3 Nc6 17. Nd2 a6 18. Nc7 Re7 19. Nxa6 Ra8 20. Bxe4 Bxe4 21. Nxe4 Rxe4 22. Nc7 Ra7 23. Nb5 Ra6 24. Bd2 Ra8 25. Rfc1 Rc8 26. Nd6 1-0

[Event "Mogliano Veneto op 42nd"]
[Site "Mogliano Veneto"]
[Date "2021.04.25"]
[Round "5"]
[White "Zanon, Dante"]
[Black "Vescovo, Samuele1111"]
[Result "1-0"]
[WhiteElo "1440"]
[BlackElo "1135"]
[PlyCount "35"]
[EventDate "2021.04.23"]
[EventType "swiss"]
[EventRounds "5"]
[EventCountry "ITA"]
[SourceTitle "EXT 2023"]
[Source "ChessBase"]
[SourceDate "2022.10.05"]
[SourceVersion "1"]
[SourceVersionDate "2022.10.05"]
[SourceQuality "1"]

1. e4 e5 2. Nf3 Nc6 3. Nc3 Bc5 4. Bc4 Nf6 5. 0-0 0-0 6. b3 d6 7. Bb2 Bg4 8. Nd5 Nxe4 9. h3 Be6 10. d4 exd4 11. Nxd4 Bxd4 12. Bxd4 b5 13. Bxb5 Bxd5 14. Bb2 Qg5 15. f4 Qe7 16. Qxd5 Nb4 17. Qd4 Nxc2 18. Qxg7# 1-0

[Event "Mestre Sheraton op-C 1st"]
[Site "Mestre"]
[Date "2021.02.28"]
[Round "4"]
[White "Vescovo, Samuele"]
[Black "Zanon, Dante"]
[Result "1-0"]
[WhiteElo "1183"]
[BlackElo "999"]
[PlyCount "61"]
[EventDate "2021.02.26"]
[EventType "swiss"]
[EventRounds "5"]
[EventCountry "ITA"]
[SourceTitle "EXT 2022"]
[Source "ChessBase"]
[SourceDate "2021.10.06"]
[SourceVersion "1"]
[SourceVersionDate "2021.10.06"]
[SourceQuality "1"]

1. e4 e5 2. Nf3 Nc6 3. d4 Bd6 4. Bb5 Nge7 5. Be3 a6 6. Bc4 b5 7. Bb3 a5 8. a4 f5 9. axb5 fxe4 10. bxc6 exf3 11. cxd7+ Bxd7 12. Qxf3 Rf8 13. Qh5+ Ng6 14. Qxh7 Qf6 15. 0-0 0-0-0 16. Qh5 e4 17. Bg5 Qxd4 18. Bxd8 Kxd8 19. Qxg6 e3 20. Qg5+ Be7 21. fxe3 Qb6 22. Rxf8+ Be8 23. Rxe8+ Kxe8 24. Qh5+ Kd8 25. Qf3 Bc5 26. Qd5+ Bd6 27. Qd4 Qa6 28. Nc3 a4 29. Rxa4 Qc6 30. Bd5 Qe8 31. Ra8+ 1-0